00461nam a22001817a 450000500170000000800410001702000270005804000090008504100120009408200150010610000210012124500330014225000080017526000470018330000080023065000160023870000250025420260116122532.0260116b |||||||| |||| 00| 0 eng d a9781032476377c5636.45 aMAIN aEnglish a515.7bODN aOden, J. Tinsley aApplied Functional Analysis  a3rd aUnited State of America bCRC Press c2018 a609 aMathematics aDemkowicz, Leszek F.